| 000 | 00608nam a2200241 4500 | ||
|---|---|---|---|
| 001 | 1997 | ||
| 010 | _a9789727803071 | ||
| 021 |
_aPT _b323960/11 |
||
| 090 | _a1997 | ||
| 100 | _a20251121d2010 m||y0pory5003 ba | ||
| 101 | _apor | ||
| 102 | _aPT | ||
| 200 |
_aNas margens da medicina _fÁlvaro Carvalho |
||
| 205 | _a1ª edição | ||
| 210 |
_aAlfragide _cÂncora _d2011 |
||
| 215 |
_a342, [6] p. _d23 cm |
||
| 225 | _aHolograma | ||
| 300 | _aBMB-Registado | ||
| 606 |
_92873 _aMedicina _xSaúde |
||
| 675 |
_a61 _vBMB _zpor |
||
| 700 |
_aCarvalho _bÁlvaro Eiras _f1948- _92874 |
||
| 801 |
_aPT _bBMB _gRPC |
||
| 990 | _cLIVROS | ||